Tras las huellas de la inteligencia musical: una propuesta alternativa para la valoración de la musicalidad

Saved in:
Bibliographic Details
Main Authors: Asprilla, Ligia Ivette (Author), Guardia, Gisela de la (Author)
Format: Book
Language:Spanish
Published: Bogotá Universidad Central 2007
Edition:1a. ed
Subjects:
Tags: Add Tag
No Tags, Be the first to tag this record!

MARC

LEADER 00000cam a2200000 a 4500
001 UCD0990
003 CL-VaPUC
008 151231e20070000ck |||||||||||||||||spa|d
020 |a 9789582601096 
082 0 4 |a 780.7  |b ASP  |2 21 
100 0 |a Asprilla, Ligia Ivette  |e author  |9 584059 
700 0 |a Guardia, Gisela de la  |e author  |9 584060 
245 1 0 |a Tras las huellas de la inteligencia musical: una propuesta alternativa para la valoración de la musicalidad 
250 |a 1a. ed 
300 |a 104 p 
942 |c BK 
945 |d 20151231 00:35:00  |a arojas 
260 |a Bogotá  |b Universidad Central  |c 2007 
650 0 |a Enseñanza de la música  |9 339802 
650 0 |a Aptitudes profesionales  |9 361431 
650 7 |a INTELIGENCIA MUSICAL  |2 CL-VaPUC  |9 405751 
583 |a last modification  |c 20151231 00:35:00  |k Rodrigo Vera 
999 |c 362421  |d 362419 
952 |0 0  |1 0  |3 erb  |4 0  |6 780_700000000000000_ASP_2007  |7 0  |8 R  |9 473689  |a BIBEDU  |b BIBEDU  |i 5257905  |o 780.7 ASP 2007  |p 5257905  |r 2023-01-12  |w 2019-11-24  |y BK_R  |z Catalogado en:20151231  |k MUS